ბათუმის შოთა რუსთაველის სახელმწიფო უნივერსიტეტის ბიბლიოთეკა

Металлические конструкции. (ბიბ.ჩანაწერი № 35687)

000 -LEADER
fixed length control field 00653nam a2200229Ia 4500
001 - CONTROL NUMBER
control field 1560
003 - CONTROL NUMBER IDENTIFIER
control field GE_BSU
008 - FIXED-LENGTH DATA ELEMENTS--GENERAL INFORMATION
fixed length control field 181216s||||||||xx |||||||||||||| ||und||
020 ## - INTERNATIONAL STANDARD BOOK NUMBER
International Standard Book Number 5878290812
040 ## - CATALOGING SOURCE
Transcribing agency GE_BSU
080 ## - UNIVERSAL DECIMAL CLASSIFICATION NUMBER
Universal Decimal Classification number 624.014
245 ## - TITLE STATEMENT
Title Металлические конструкции.
245 ## - TITLE STATEMENT
Remainder of title Справочник проектировщика.
260 ## - PUBLICATION, DISTRIBUTION, ETC.
Place of publication, distribution, etc. Москва
260 ## - PUBLICATION, DISTRIBUTION, ETC.
Name of publisher, distributor, etc. Идв-во АСВ.
260 ## - PUBLICATION, DISTRIBUTION, ETC.
Date of publication, distribution, etc. 1998
300 ## - PHYSICAL DESCRIPTION
Extent 512 стр. 23 см.
653 ## - INDEX TERM--UNCONTROLLED
Uncontrolled term Металлические конструкции.
653 ## - INDEX TERM--UNCONTROLLED
Uncontrolled term Справочник проектировщика.
942 ## - ADDED ENTRY ELEMENTS (KOHA)
Koha item type წიგნი
ეგზემპლარები
Withdrawn status Lost status Damaged status Not for loan Date acquired Barcode Date last seen Price effective from Koha item type
        2018-12-17 3045 2018-12-17 2018-12-17 წიგნი